The romance of the Indian open : (Record no. 128922)

MARC details
000 -LEADER
fixed length control field 00780nam a22002417a 4500
003 - CONTROL NUMBER IDENTIFIER
control field 0
005 - DATE AND TIME OF LATEST TRANSACTION
control field 20180703143006.0
008 - FIXED-LENGTH DATA ELEMENTS--GENERAL INFORMATION
fixed length control field 0
010 ## - LIBRARY OF CONGRESS CONTROL NUMBER
LC control number B-128954
020 ## - INTERNATIONAL STANDARD BOOK NUMBER
Terms of availability 600.00
International Standard Book Number 8172201540
035 ## - SYSTEM CONTROL NUMBER
System control number B-128954, B-128955
037 ## - SOURCE OF ACQUISITION
Source of stock number/acquisition Cen Lib/Ret
040 ## - CATALOGING SOURCE
Original cataloging agency DPL
Language of cataloging EN
Transcribing agency 0
082 ## - DEWEY DECIMAL CLASSIFICATION NUMBER
Classification number 796.352
Item number WAD
100 ## - MAIN ENTRY--PERSONAL NAME
Personal name Wadhwaney, Kishin R.
9 (RLIN) 28682
245 ## - TITLE STATEMENT
Title The romance of the Indian open :
Statement of responsibility, etc by Kishin R.Wadhwaney
Remainder of title 1964-2003 /
260 ## - PUBLICATION, DISTRIBUTION, ETC. (IMPRINT)
Place of publication, distribution, etc New Delhi
Name of publisher, distributor, etc Siddharth Publications
Date of publication, distribution, etc 2003
270 ## - ADDRESS
Address 10, DSIDC Scheme-II, Okhla Industrial Area Phase-II
City New Delhi
Postal code 110002
300 ## - PHYSICAL DESCRIPTION
Extent xxii,227p. :
Dimensions 24cm(Hb)
Other physical details col.ill.
650 ## - SUBJECT ADDED ENTRY--TOPICAL TERM
Topical term or geographic name as entry element Golf -- Tournaments -- India -- History.
9 (RLIN) 24842
650 ## - SUBJECT ADDED ENTRY--TOPICAL TERM
Topical term or geographic name as entry element Golf -- Tournaments.
9 (RLIN) 24843
942 ## - ADDED ENTRY ELEMENTS (KOHA)
Source of classification or shelving scheme Dewey Decimal Classification
Koha item type English Books
Classification part 79.352
Call number suffix WAD
Holdings
Withdrawn status Lost status Damaged status Not for loan Home library Current library Date acquired Source of acquisition Cost, normal purchase price Total Checkouts Full call number Barcode Date last seen Copy number Cost, replacement price Price effective from Koha item type Source of classification or shelving scheme Collection code
        Central Library Central Library 03/07/2015 Cen Lib/Ret 600.00   796.352 WAD B-128954 03/07/2015 1 600.00 15/09/2016 English Books    
        Patel Nagar Patel Nagar 03/07/2018 BPPD/Pub 600.00   79.352 WAD B-128955 03/07/2018   600.00 03/07/2018 English Books Dewey Decimal Classification Non-fiction

© Delhi Public Library
Hit Counter
free hit counter